000 00553nam a2200121Ia 4500
008 220615s9999||||xx |||||||||||||| ||und||
245 0 _aManaged Software Evolution
546 _aEnglish[eng]
650 _aComputer science||Software engineering||Management information systems||Management information systems||Computer science||Computers
700 _aReussner, Ralf||Goedicke, Michael||Hasselbring, Wilhelm||Vogel-Heuser, Birgit||Keim, Jan||Märtin, Lukas
856 _uhttps://library.oapen.org/bitstream/20.500.12657/22886/1/1007275.pdf
942 _cEB
999 _c8603
_d8603